| 000 | 00684nam a2200229Ia 4500 | ||
|---|---|---|---|
| 005 | 20260429112051.0 | ||
| 008 | 260429s9999||||xx |||||||||||||| ||und|| | ||
| 020 | _a9781071636565 | ||
| 041 | _aEnglish | ||
| 082 |
_a631.53 _bRAM |
||
| 100 | _aRamírez-Mosqueda, Marco A. | ||
| 245 | 0 |
_aMicro propagation methods in temporary immersion systems / _cMarco A. Ramírez-Mosqueda |
|
| 250 | _a1st ed. | ||
| 260 |
_aNew York : _bHumana Press, _c2024. |
||
| 300 | _axiii, 252 p.; pbk | ||
| 440 | _aMethods in Molecular Biology 2759 | ||
| 650 | _a Biotechnology | ||
| 650 | _a Micropropagation | ||
| 650 | _aPlant tissue culture | ||
| 700 | _a Cruz-Cruz, Carlos A. | ||
| 942 | _cTB | ||
| 999 |
_c52175 _d52175 |
||